Altamirano y el Barón de Wagner (Record no. 22635)

MARC details
000 -LEADER
campo de control de longitud fija 00875nam a2200229 i 4500
001 - NÚMERO DE CONTROL
campo de control 22635
003 - IDENTIFICADOR DE NÚMERO DE CONTROL
campo de control ES-MaACL
005 - FECHA Y HORA DE LA ÚLTIMA TRANSACCIÓN
campo de control 20250826122123.0
007 - CAMPO FIJO DE DESCRIPCIÓN FÍSICA--INFORMACIÓN GENERAL
campo de control de longitud fija t|
008 - DATOS DE LONGITUD FIJA--INFORMACIÓN GENERAL
campo de control de longitud fija 021204s1932 mx ||||1| spa d
245 00 - MENCIÓN DEL TÍTULO
Título Altamirano y el Barón de Wagner
Resto del título : un incidente diplomático en 1862 /
Mención de responsabilidad, etc. documentos recuperados por Joaquín Ramírez Cabañas.
260 ## - PUBLICACIÓN, DISTRIBUCIÓN, ETC.
Lugar de publicación, distribución, etc. México :
Nombre del editor, distribuidor, etc. Secretaría de Relaciones Exteriores,
Fecha de publicación, distribución, etc. 1932.
300 ## - DESCRIPCIÓN FÍSICA
Extensión XX, 92 p. ;
Dimensiones 20 cm.
490 1# - MENCIÓN DE SERIE
Mención de serie Archivo histórico diplomático mexicano ;
Designación de volumen o secuencia 38
600 14 - PUNTO DE ACCESO ADICIONAL DE MATERIA--NOMBRE DE PERSONA
Nombre de persona Altamirano, Ignacio Manuel,
Fechas asociadas al nombre 1834-1893
9 (RLIN) 20518
600 14 - PUNTO DE ACCESO ADICIONAL DE MATERIA--NOMBRE DE PERSONA
Nombre de persona Wagner
Títulos y otros términos asociados al nombre Barón de.
9 (RLIN) 148611
651 #4 - PUNTO DE ACCESO ADICIONAL DE MATERIA--NOMBRE GEOGRÁFICO
Nombre geográfico México-
Subdivisión general Política exterior-
Subdivisión cronológica S.XIX.
9 (RLIN) 148612
700 1# - ENTRADA AGREGADA--NOMBRE PERSONAL
Nombre de persona Ramírez Cabañas, Joaquín.
9 (RLIN) 95123
830 0# - PUNTO DE ACCESO ADICIONAL DE SERIE-TÍTULO UNIFORME
Título uniforme Archivo histórico diplomático mexicano ;
Designación de volumen o secuencia 38
9 (RLIN) 180919
852 ## - LOCALIZACIÓN
Ubicación ES-MaACL
Número de control de estantería 1775-F-15
Holdings
Estatus retirado Estado de pérdida Estado de daño No para préstamo Colección Biblioteca de origen Biblioteca actual Ubicación en estantería Fecha de adquisición Fuente de adquisición Total de préstamos Signatura topográfica completa Código de barras Visto por última vez Precio de reemplazo Tipo de ítem Koha
        Colección de folletos Biblioteca del Ateneo de Madrid Biblioteca del Ateneo de Madrid Depósito folletos 17/01/2008     1775-F-15 1023303 23/02/2023 23/02/2023 Folleto